| 000 | 00556nam a2200205Ia 4500 | ||
|---|---|---|---|
| 008 | 191130s2008##################000#0#eng## | ||
| 020 | _a9780071602549 | ||
| 040 |
_aACL _cACL |
||
| 082 | _a230.2 STA | ||
| 100 | _aStanford, Peter | ||
| 245 |
_aCatholicism _cPeter Stanford |
||
| 260 |
_aNew York _bMcGraw-Hill _c2008 |
||
| 300 | _aix, 181 p. ; 20 cm | ||
| 650 | _aBuddhism--Customs and practices | ||
| 650 | _aCatholic Church | ||
| 650 | _aTheology, Doctrina | ||
| 990 | _ae1972cffac10000c774f2b815e5dc94e | ||
| 991 | _a122129 | ||
| 999 |
_c250529 _d250529 |
||